1183 1098 1501 1888 1209 1987 1981 1630 1435 1974 1898 1026 1618 1798 1177 1689 1103 1824 1940 1235 1919 1353 1729 1659 1439 1771 1162 1507 1572 1304 1194 1110 1779 1902 1645 1868 1359 1462 1204 1251 1753 1981 1819 1695 1792 1139 1993 1284 1183 1491 1323 1391 1579 1770 1974 1427 1042 1642 1895 1251 1336 1673 1640 1100 1142 1652 1950 1148 1896 1312 1940 1595 1146 1843 1573 1726 1485 1238 1355 1949 1930 1964 1643 1407 1030 1406 1458 1952 1237 1644 1889 1719 1769 1498 1295 1622 1046 1103 1698 BCNSPRNW ULIB Ver.6.0+V

เปลี่ยนเป็นภาษาไทย

Change to English
 แสดงรายละเอียดบรรณานุกรม
  กลับหน้าหลัก

Brief Record : Get Marc (ISO 2709) : E-mail record : QR code < ปิดหน้าต่าง
LEADER : 00000nam 2200000uu 4500
001    13399113228
003     ULIB
008    111003s2543||||th 000 0 tha d
050 04 QD415.A3^bท192ช 2543
100 1  ทวี เรืองโฉม
245 10 ชีวเคมีของสารชีวโมเลกุล /^cทวี เรืองโฉม
260    เชียงใหม่ :^bชมพูการพิมพ์,^c2543
300    194 หน้า :^bภาพประกอบ
650  7 สารชีวโมเลกุล
945    ^p0^l0^i013167
995    ทศพร
999 ^a ทศพร
รายการนี้ยังไม่มีแท็ก
คุณยังไม่ได้ล็อกอิน คุณสามารถมีกิจกรรมร่วมกับเว็บไซต์ได้ แต่ต้องล็อกอินก่อน ::
  ล็อกอิน

รายการสื่อสารสนเทศ

ลำดับที่ ประเภท เลขเรียก/บาร์โค้ด สถานที่ สถานะ
- ไม่พบข้อมูล -

รายการใกล้เคียง
    ผู้แต่ง [ทวี เรืองโฉม]

BibComment


ยังไม่เคยถูกคอมเมนท์

คอมเมนท์ทรัพยากรรายการนี้
  คอมเมนท์: ชีวเคมีของสารชีวโ..


 Copyright 2026. Bcnsprnw @Library